书目信息 |
| 题名: |
卧室书房装修
|
|
| 作者: | 张晶 , 魏江 编著 | |
| 分册: | ||
| 出版信息: | 南昌 江西科学技术出版社 1999.08 |
|
| 页数: | 46页 | |
| 开本: | 16开 | |
| 丛书名: | ||
| 单 册: | ||
| 中图分类: | TU238.2 | |
| 科图分类: | ||
| 主题词: | 建筑设计 | |
| 电子资源: | ||
| ISBN: | 7-5390-1576-4 | |
| 000 | 00592nam0 2200205 45 | |
| 001 | 0008071023 | |
| 005 | 20000807104751.7 | |
| 010 | @a7-5390-1576-4@d18.80元 | |
| 100 | @a20000807d1999 km y0chiy0120 ea | |
| 101 | 0 | @achi |
| 105 | @a z 000yy | |
| 200 | 1 | @a卧室书房装修@AWo Shi Shu Fang Zhuang Xiu@f张晶,魏江编著@FZhang Jing,Wei Jiang Bian Zhu |
| 210 | @a南昌@c江西科学技术出版社@d1999.08 | |
| 215 | @a46页@d16开 | |
| 606 | 0 | @a建筑设计 |
| 690 | @aTU238.2@v3 | |
| 701 | 0 | @a张晶@4编著 |
| 701 | 0 | @a魏江@4编著 |
| 801 | @aCN@bPftUser@c20000807 | |
| 905 | @b90950-954@dTU238.2@eZH.529/3@f5 | |
| 卧室书房装修/张晶,魏江编著.-南昌:江西科学技术出版社,1999.08 |
| 46页;16开 |
| ISBN 7-5390-1576-4:18.80元 |
| ● |
| 相关链接 |
|
|
|
正题名:卧室书房装修
索取号:TU238.2/ZH.529/3
 
预约/预借
| 序号 | 登录号 | 条形码 | 馆藏地/架位号 | 状态 | 备注 |
| 1 | 90950 | 200909507 | 建筑库101/ [索取号:TU238.2/ZH.529/3] | 在馆 | |
| 2 | 90951 | 200909516 | 建筑库101/101建筑库 56排4列4层/ [索取号:TU238.2/ZH.529/3] | 在馆 | |
| 3 | 90952 | 200909525 | 建筑库101/101建筑库 56排3列4层/ [索取号:TU238.2/ZH.529/3] | 在馆 | |
| 4 | 90953 | 200909534 | 建筑库101/101建筑库 56排4列4层/ [索取号:TU238.2/ZH.529/3] | 在馆 | |
| 5 | 90954 | 200909543 | 建筑库101/101建筑库 56排4列4层/ [索取号:TU238.2/ZH.529/3] | 在馆 |